Normal view
MARC view
Entry Topical Term
001 - CONTROL NUMBER
- control field: 28034
003 - CONTROL NUMBER IDENTIFIER
- control field: OSt
005 - DATE AND TIME OF LATEST TRANSACTION
- control field: 20230714151359.0
008 - FIXED-LENGTH DATA ELEMENTS
- fixed length control field: 230714|| aca||aabn | a|a d
040 ## - CATALOGING SOURCE
- Original cataloging agency: OSt
- Transcribing agency: OSt
150 ## - HEADING--TOPICAL TERM
- Topical term or geographic name entry element: ရှမ်းပြည်နယ်
- General subdivision: ဒေသန္တရနှင့် ခရီးသွား။
670 ## - SOURCE DATA FOUND
- Source citation: Work cat.: (OSt): ရောင်နီ။ 28033, ရှမ်းပြည်တစ်ခွင် ခြေလျင်ခရီး /